[Event "5th FIDE GP w"]
[Site "Ulaanbaatar MGL"]
[Date "2010.07.30"]
[Round "1"]
[White "Hou Yifan"]
[Black "Kosintseva, T."]
[Result "1/2-1/2"]
[WhiteElo "2577"]
[BlackElo "2562"]
[PlyCount "174"]
[EventDate "2010.07.30"]

1. e4 e5 2. Nf3 Nc6 3. Bb5 a6 4. Ba4 Nf6 5. O-O Be7 6. Re1 b5 7. Bb3 d6 8. c3
O-O 9. h3 Nb8 10. d4 Nbd7 11. Nbd2 Bb7 12. Bc2 Re8 13. a4 Bf8 14. Bd3 c6 15. b4
Nb6 16. a5 Nbd7 17. Bb2 g6 18. Qb3 Nh5 19. Bf1 Nf4 20. Rad1 Qc7 21. c4 exd4 22.
Bxd4 Ne5 23. Qc3 Ne6 24. cxb5 cxb5 25. Qxc7 Nxc7 26. Rc1 Ne6 27. Bb2 Nxf3+ 28.
Nxf3 d5 29. exd5 Bxd5 30. Ne5 Bxb4 31. Red1 Red8 32. Ng4 Be7 33. Nf6+ Bxf6 34.
Bxf6 Rd7 35. g3 Bc6 36. Rxd7 Bxd7 37. Bg2 Rc8 38. Rd1 Bc6 39. Rd6 Bxg2 40. Kxg2
Ra8 41. Kf3 Nc5 42. Bc3 Ne6 43. Bf6 Kf8 44. h4 Ke8 45. h5 gxh5 46. Ke3 Nc5 47.
Rd5 Rc8 48. Rxh5 Nb3 49. Rxh7 Rc6 50. Rh8+ Kd7 51. Bd8 Rc8 52. Bf6 Rxh8 53.
Bxh8 Nxa5 54. g4 Nc6 55. f4 a5 56. Ke4 b4 57. Kd5 Ne7+ 58. Ke4 a4 59. f5 a3 60.
Kd3 b3 61. Kc3 b2 62. Kc2 Kd6 63. Bg7 Nd5 64. Bf8+ Ke5 65. Bxa3 Ne3+ 66. Kb1
Nc4 67. Be7 Kf4 68. g5 Kxf5 69. Bf6 Ke4 70. Kc2 Kd5 71. Be7 Kc6 72. Bf6 Kc5 73.
Be7+ Kb5 74. Bf6 Kb4 75. Be7+ Ka4 76. Bf8 Kb5 77. Be7 Kc6 78. Bf6 Kd5 79. Be7
Ke4 80. Bf6 Kf4 81. Be7 Kg4 82. Kb1 Nd2+ 83. Kxb2 Ne4 84. Kc2 Nxg5 85. Kd3 f5
86. Ke2 Ne4 87. Ke3 Nc3 1/2-1/2

[Event "5th FIDE GP w"]
[Site "Ulaanbaatar MGL"]
[Date "2010.07.31"]
[Round "2"]
[White "Zhao Xue"]
[Black "Hou Yifan"]
[Result "1/2-1/2"]
[WhiteElo "2462"]
[BlackElo "2577"]
[PlyCount "54"]
[EventDate "2010.07.30"]

1. d4 e6 2. c4 Nf6 3. Nf3 c5 4. Nc3 cxd4 5. Nxd4 Bb4 6. Bd2 Nc6 7. a3 Be7 8.
Bf4 d6 9. Nc2 O-O 10. e4 b6 11. Bg3 Bb7 12. Be2 Rc8 13. Ne3 a6 14. O-O Nb8 15.
Qc2 Nbd7 16. Rad1 Qc7 17. Rd4 Nc5 18. b4 e5 19. Ncd5 Nxd5 20. Nxd5 Bxd5 21.
Rxd5 Ne6 22. Qb2 Qb7 23. Qb1 Nd4 24. Bd3 Ne6 25. Be2 Nd4 26. Bd3 Ne6 27. Be2
Nd4 1/2-1/2

[Event "5th FIDE GP w"]
[Site "Ulaanbaatar MGL"]
[Date "2010.08.01"]
[Round "3"]
[White "Hou Yifan"]
[Black "Xu Yuhua"]
[Result "1-0"]
[WhiteElo "2577"]
[BlackElo "2488"]
[PlyCount "58"]
[EventDate "2010.07.30"]

1. e4 e6 2. d4 d5 3. Nd2 c5 4. Ngf3 cxd4 5. exd5 Qxd5 6. Bc4 Qd6 7. O-O Nf6 8.
Nb3 Nc6 9. Nfxd4 Nxd4 10. Nxd4 a6 11. Re1 Bd7 12. Bg5 O-O-O 13. Re3 Bc6 14. Rd3
Be4 15. Rd2 Qc7 16. Nxe6 Rxd2 17. Qxd2 Qd6 18. Nxf8 Qxd2 19. Bxd2 Rxf8 20. f3
Bg6 21. c3 Rd8 22. Be3 Nd5 23. Bd4 Nf4 24. Re1 b5 25. Bf1 Nd3 26. Re2 Nc1 27.
Rd2 Nxa2 28. Be3 Kb7 29. Kf2 Kc6 1-0

[Event "5th FIDE GP w"]
[Site "Ulaanbaatar MGL"]
[Date "2010.08.01"]
[Round "3"]
[White "Sebag, M."]
[Black "Shen Yang"]
[Result "1/2-1/2"]
[WhiteElo "2519"]
[BlackElo "2435"]
[PlyCount "112"]
[EventDate "2010.07.30"]

1. e4 e5 2. Nf3 Nc6 3. Bb5 Nf6 4. d3 Bc5 5. c3 d6 6. O-O Bd7 7. Nbd2 O-O 8. Ba4
a6 9. h3 Ba7 10. Re1 Ne7 11. Bc2 Ng6 12. d4 Re8 13. Nf1 h6 14. Ng3 c5 15. Be3
Qc7 16. Qd2 cxd4 17. cxd4 exd4 18. Bxd4 Ne5 19. Nxe5 dxe5 20. Bxa7 Rxa7 21.
Rac1 Qb6 22. Nh5 Rd8 23. Nxf6+ Qxf6 24. Qb4 Bc6 25. Rcd1 Raa8 26. Qb6 Rac8 27.
a4 Qg5 28. g3 Rd2 29. h4 Qd8 30. Qe3 Rxd1 31. Rxd1 Qa5 32. Qa3 Qc7 33. Qf3 Rd8
34. Qc3 Qd6 35. b4 Kf8 36. f3 Bd7 37. Bb3 Bc6 38. Qc4 Qd7 39. Qc5+ Qe7 40. Qc3
Qd6 41. Kf2 Bd7 42. a5 Be6 43. Bxe6 Qxe6 44. Qc7 g6 45. Qxb7 Qa2+ 46. Kg1 Qa1
47. Kg2 Qb2+ 48. Kh3 Qa1 49. Qc8 Kg7 50. Kg2 Qb2+ 51. Kf1 Qxb4 52. Qxa6 Qc3 53.
Kg2 Qd2+ 54. Kf1 Qxd1+ 55. Kg2 Qd2+ 56. Kf1 Qd1+ 1/2-1/2

[Event "5th FIDE GP w"]
[Site "Ulaanbaatar MGL"]
[Date "2010.08.02"]
[Round "4"]
[White "Kosintseva, T."]
[Black "Munguntuul, B."]
[Result "1-0"]
[WhiteElo "2562"]
[BlackElo "2421"]
[PlyCount "115"]
[EventDate "2010.07.30"]

1. e4 e5 2. Nf3 Nc6 3. Bb5 a6 4. Ba4 Nf6 5. O-O b5 6. Bb3 Bc5 7. c3 d6 8. a4
Rb8 9. d4 Bb6 10. a5 Ba7 11. h3 O-O 12. Be3 Ra8 13. Nbd2 Bb7 14. Re1 h6 15. Bc2
Re8 16. d5 Ne7 17. Nf1 Ng6 18. N3h2 c6 19. dxc6 Bxc6 20. Ng4 Nf4 21. Qf3 Bxe3
22. Nxf6+ Qxf6 23. Nxe3 Rad8 24. Rad1 Qg6 25. Kh2 f5 26. Bb3+ Kh8 27. Nd5 fxe4
28. Qxe4 Qxe4 29. Rxe4 Rf8 30. f3 Nxd5 31. Bxd5 Rc8 32. Kg3 Bxd5 33. Rxd5 Rc6
34. f4 exf4+ 35. Rxf4 Kg8 36. Re4 Rf6 37. Re7 Rf7 38. Re8+ Rf8 39. Re6 Rf6 40.
Rxf6 gxf6 41. Kf4 Kf7 42. Kf5 Ke7 43. g4 Rc8 44. Rd3 Rc5+ 45. Kg6 h5 46. Re3+
Re5 47. Rxe5+ fxe5 48. Kxh5 e4 49. Kh4 Kf6 50. Kg3 Ke5 51. h4 d5 52. h5 Kf6 53.
Kf4 Kg7 54. g5 Kf7 55. b3 Ke6 56. h6 Kf7 57. c4 dxc4 58. bxc4 1-0

[Event "5th FIDE GP w"]
[Site "Ulaanbaatar MGL"]
[Date "2010.08.02"]
[Round "4"]
[White "Koneru, H."]
[Black "Hou Yifan"]
[Result "1/2-1/2"]
[WhiteElo "2600"]
[BlackElo "2577"]
[PlyCount "207"]
[EventDate "2010.07.30"]

1. d4 e6 2. c4 Nf6 3. Nf3 c5 4. d5 b5 5. dxe6 fxe6 6. cxb5 a6 7. bxa6 Bxa6 8.
g3 Nc6 9. Bg2 Be7 10. O-O O-O 11. Nc3 d5 12. Ng5 Qd7 13. Bh3 Nd4 14. b4 Rac8
15. bxc5 Bxc5 16. Be3 h6 17. Bxd4 hxg5 18. a4 Bxd4 19. Qxd4 Rc4 20. Qe5 g4 21.
Bg2 Re8 22. Rfb1 Qc6 23. Nb5 Nd7 24. Qe3 e5 25. Rc1 Bxb5 26. axb5 Rxc1+ 27.
Rxc1 Qxb5 28. Qg5 Nf6 29. Rc7 Qb1+ 30. Bf1 Qh7 31. f3 Qh6 32. h4 gxh3 33. Qxh6
gxh6 34. Bxh3 Kf8 35. Bf5 Re7 36. Rc6 Kg7 37. g4 e4 38. f4 d4 39. Rd6 d3 40.
exd3 exd3 41. Rxd3 Re2 42. Rd6 Rb2 43. g5 hxg5 44. fxg5 Ng8 45. Rd7+ Kf8 46. g6
Ne7 47. Bd3 Rb8 48. Kf2 Ke8 49. Ra7 Rb2+ 50. Kf1 Rb8 51. Bc4 Kf8 52. g7+ Kxg7
53. Rxe7+ Kf6 54. Re4 Rb2 55. Be2 Kf5 56. Ra4 Ke5 57. Kf2 Rb3 58. Bf3 Rb8 59.
Rg4 Rb1 60. Be4 Rb3 61. Ke2 Ra3 62. Bd3 Ra1 63. Kd2 Rh1 64. Kc3 Rc1+ 65. Kb4
Rd1 66. Bc4 Rd8 67. Rg5+ Kd4 68. Rg1 Rb8+ 69. Bb5 Rc8 70. Rd1+ Ke5 71. Bc4 Rh8
72. Rd3 Ke4 73. Kc3 Rh6 74. Bd5+ Ke5 75. Kc4 Rh4+ 76. Kc5 Ra4 77. Re3+ Kf4 78.
Re1 Kg3 79. Bc4 Kf2 80. Re8 Ra5+ 81. Kd4 Rf5 82. Bd5 Rf4+ 83. Kd3 Rf5 84. Re2+
Kg1 85. Be4 Rf2 86. Re1+ Rf1 87. Re3 Rf2 88. Rg3+ Kf1 89. Rh3 Ke1 90. Bf3 Rd2+
91. Ke3 Re2+ 92. Kf4 Rf2 93. Ke3 Re2+ 94. Kd3 Rd2+ 95. Kc3 Rf2 96. Rg3 Rh2 97.
Be4 Kf2 98. Rf3+ Ke2 99. Kd4 Rf2 100. Rb3 Kd2 101. Ra3 Ke1 102. Bf3 Rd2+ 103.
Ke3 Re2+ 104. Kf4 1/2-1/2